[Event "Winnipeg TNT 2025.07"]
[Site "Winnipeg CAN"]
[Date "2025.07.29"]
[Round "4.6"]
[White "Reimer, Bruce"]
[Black "Atem, James"]
[Result "0-1"]
[WhiteElo "1502"]
[BlackElo "1828"]
[WhiteFideId "-1"]
[WhiteFideId "-1"]
[PlyCount "96"]
[GameId "2205803197616263"]
[EventDate "2025.07.08"]
[EventType "swiss"]
[EventRounds "4"]
[EventCountry "CAN"]

1. d4 d5 2. Nf3 Nf6 3. e3 Bg4 4. Nbd2 Ne4 5. h3 Nxd2 6. Bxd2 Bh5 7. Be2 Nd7 8. O-O c6 9. Bb4 b5 10. a4 a5 11. Bd2 b4 12. c3 e6 13. cxb4 Bxb4 14. Bxb4 axb4 15. Qc2 Qb6 16. b3 O-O 17. Ne5 Nxe5 18. Bxh5 Nd7 19. Rac1 Rfc8 20. Qb2 g6 21. Be2 Qb8 22. Rc2 Qd6 23. Rfc1 Nf6 24. Bb5 Ne4 25. Rxc6 Rxc6 26. Rxc6 Qe7 27. f3 Ng3 28. Qc2 Qg5 29. f4 Qh5 30. Kh2 Ne4 31. Qe2 Qh4 32. Kg1 Qg3 33. Rc1 Qh4 34. Bd3 Nc3 35. Qg4 Qd8 36. Rf1 Rc8 37. f5 exf5 38. Rxf5 Rc6 39. h4 Qe7 40. Re5 Qf6 41. h5 Kg7 42. hxg6 hxg6 43. Qd7 Nd1 44. Qg4 Qf2+ 45. Kh2 Nxe3 46. Qg3 Qxg3+ 47. Kxg3 Nc2 48. Rxd5 Rc3 0-1

[Event "Winnipeg TNT 2025.07"]
[Site "Winnipeg CAN"]
[Date "2025.07.29"]
[Round "4.7"]
[White "Rutter, Blair"]
[Black "Movahedipour, Mohammad"]
[Result "1-0"]
[WhiteElo "1923"]
[BlackElo "1753"]
[WhiteFideId "-1"]
[WhiteFideId "-1"]
[PlyCount "135"]
[GameId "2205803197620360"]
[EventDate "2025.07.08"]
[EventType "swiss"]
[EventRounds "4"]
[EventCountry "CAN"]

1. c4 e5 2. g3 Nc6 3. Bg2 Bc5 4. Nc3 a6 5. e3 Nf6 6. Nge2 d6 7. O-O Bg4 8. h3 Bh5 9. Kh2 O-O 10. f3 d5 11. d4 exd4 12. exd4 Be7 13. cxd5 Nxd5 14. Nxd5 Qxd5 15. Nf4 Qg5 16. Ne6 Qf6 17. Nxf8 Rxf8 18. Be3 Bd6 19. Qd2 h6 20. a3 Bg6 21. f4 h5 22. d5 Ne7 23. Bd4 Qf5 24. Be5 Bxe5 25. fxe5 Qxe5 26. Rae1 Qd6 27. Qf4 Nf5 28. Be4 Qxf4 29. gxf4 Rd8 30. Bxf5 Bxf5 31. Re5 Bd3 32. Rfe1 Bc4 33. Re8+ Rxe8 34. Rxe8+ Kh7 35. Rd8 Kg6 36. h4 Kf6 37. d6 cxd6 38. Rxd6+ Ke7 39. Rd4 Bb5 40. Kg3 Ke6 41. Re4+ Kf6 42. Re5 Bc6 43. Rxh5 g6 44. Re5 Kg7 45. h5 gxh5 46. Rxh5 Kf6 47. Re5 Kg6 48. Kh4 f5 49. Re6+ Kf7 50. Rh6 Be4 51. Kg5 Ke7 52. Rb6 Kd7 53. b4 Kc7 54. Rf6 Kd7 55. a4 Ke7 56. Rb6 Kd7 57. Kf6 Kc7 58. a5 Bd3 59. Ke5 Be4 60. Rf6 Kd7 61. Rxf5 Bxf5 62. Kxf5 Ke7 63. Ke5 Kf7 64. Kd6 Kf6 65. Kc7 Kf5 66. Kxb7 Kxf4 67. Kxa6 Ke5 68. Kb6 1-0

[Event "Winnipeg TNT 2025.07"]
[Site "Winnipeg CAN"]
[Date "2025.07.29"]
[Round "4.8"]
[White "Zhang, Ian"]
[Black "Gannon, Keith"]
[Result "1-0"]
[WhiteElo "1750"]
[BlackElo "1594"]
[WhiteFideId "-1"]
[WhiteFideId "-1"]
[PlyCount "91"]
[GameId "2205803197620361"]
[EventDate "2025.07.08"]
[EventType "swiss"]
[EventRounds "4"]
[EventCountry "CAN"]

1. e4 d6 2. d4 Nf6 3. Nc3 g6 4. Nf3 Bg7 5. Bc4 O-O 6. O-O Bd7 7. h3 c5 8. dxc5 dxc5 9. Be3 b6 10. Re1 Nc6 11. Qd2 e5 12. Bg5 Qc7 13. Bxf6 Bxf6 14. Nd5 Qd6 15. Nxf6+ Qxf6 16. Qxd7 Nd4 17. Nxd4 cxd4 18. Bd3 Rfd8 19. Qg4 h5 20. Qg3 h4 21. Qg4 Qf4 22. Qxf4 exf4 23. f3 g5 24. e5 a6 25. Re4 b5 26. a4 b4 27. b3 a5 28. Rd1 Ra7 29. Bc4 Kf8 30. Rdxd4 Rxd4 31. Rxd4 Ke7 32. Kf2 f6 33. exf6+ Kxf6 34. Rd6+ Ke5 35. Rg6 Kf5 36. Bd3+ Ke5 37. Rxg5+ Kd4 38. Rg4 Re7 39. Rxf4+ Kc5 40. Rxh4 Rg7 41. Rh5+ Kb6 42. Rb5+ Kc7 43. Rxa5 Re7 44. Ra7+ Kd6 45. Rxe7 Kxe7 46. h4 1-0

[Event "Winnipeg TNT 2025.07"]
[Site "Winnipeg CAN"]
[Date "2025.07.29"]
[Round "4.9"]
[White "Curtis, Rory"]
[Black "MacPherson, Al"]
[Result "0-1"]
[WhiteElo "1765"]
[BlackElo "1856"]
[WhiteFideId "-1"]
[WhiteFideId "-1"]
[PlyCount "67"]
[GameId "2205803197628554"]
[EventDate "2025.07.08"]
[EventType "swiss"]
[EventRounds "4"]
[EventCountry "CAN"]

1. d4 d5 2. c4 e6 3. cxd5 exd5 4. Nc3 Nf6 5. Nf3 Be7 6. Bf4 c6 7. e3 O-O 8. Rc1 Re8 9. Be2 h6 10. O-O Bf5 11. Qb3 Qb6 12. Qxb6 axb6 13. Ne5 Nbd7 14. Bd3 Bxd3 15. Nxd3 Nh5 16. Ne5 Ndf6 17. a3 Nxf4 18. exf4 Bd6 19. Rfe1 Re7 20. Re2 Rae8 21. Rce1 b5 22. h3 b4 23. axb4 Bxb4 24. Ra1 Nh5 25. Nd3 Rxe2 26. Nxe2 Rxe2 27. Nxb4 Nxf4 28. g3 Nxh3+ 29. Kg2 Nxf2 30. Kf1 Rxb2 31. Na2 Ne4 32. g4 Nd2+ 33. Ke1 Nb3 34. Rc1 0-1

[Event "Winnipeg TNT 2025.07"]
[Site "Winnipeg CAN"]
[Date "2025.07.29"]
[Round "4.10"]
[White "Letain, Cory"]
[Black "Trueman, Francis"]
[Result "1-0"]
[WhiteElo "1739"]
[BlackElo "1552"]
[WhiteFideId "-1"]
[WhiteFideId "-1"]
[PlyCount "79"]
[GameId "2205803197632651"]
[EventDate "2025.07.08"]
[EventType "swiss"]
[EventRounds "4"]
[EventCountry "CAN"]

1. e4 d6 2. d4 Nd7 3. c4 e5 4. d5 Ngf6 5. Nc3 a5 6. Be2 Be7 7. g4 O-O 8. g5 Ne8 9. h4 f6 10. Nh3 Nc5 11. Be3 b6 12. Qc2 Bd7 13. O-O-O Rb8 14. Kb1 c6 15. g6 h6 16. Qd2 b5 17. Bxh6 b4 18. Bxg7 Kxg7 19. h5 Rh8 20. dxc6 bxc3 21. Qxc3 Nxe4 22. Qe3 Bf5 23. Ka1 Qb6 24. Qc1 Bxh3 25. Rxh3 Nxf2 26. h6+ Kxg6 27. Qc2+ f5 28. Rb3 Qxb3 29. axb3 Nxd1 30. Qxd1 Rxh6 31. Qg1+ Bg5 32. Qa7 Rxb3 33. Qd7 Nf6 34. Qe6 Re3 35. c7 Rh8 36. c5 Re8 37. Qxe8+ Nxe8 38. c8=Q dxc5 39. Qxe8+ Kf6 40. Bh5 1-0

[Event "Winnipeg TNT 2025.07 Novice"]
[Site "Winnipeg CAN"]
[Date "2025.07.08"]
[Round "1.1"]
[White "Howard, Nicholas"]
[Black "Stewart, Michael"]
[Result "0-1"]
[WhiteElo "1314"]
[BlackElo "1438"]
[WhiteFideId "-1"]
[WhiteFideId "-1"]
[PlyCount "62"]
[GameId "2205803319259324"]
[EventDate "2025.07.08"]
[EventType "swiss"]
[EventRounds "4"]
[EventCountry "CAN"]

1. e4 c5 2. Nf3 Nc6 3. d4 cxd4 4. Nxd4 e5 5. Nf3 h6 6. Nc3 Nf6 7. Bc4 Be7 8. O-O O-O 9. Re1 a6 10. a3 b5 11. Bd3 Bb7 12. b4 Bd6 13. Be3 Bc7 14. Qe2 Ne7 15. Rad1 d5 16. exd5 Nexd5 17. Nxd5 Bxd5 18. Bc5 e4 19. Bxe4 Nxe4 20. Bxf8 Kxf8 21. Nd4 Nc3 22. Ne6+ fxe6 23. Rxd5 Nxe2+ 24. Rxe2 Qxd5 25. Kf1 Bxh2 26. Ke1 Rd8 27. f3 Bg3+ 28. Kf1 Qd1+ 29. Re1 Qxc2 30. Re2 Rd1+ 31. Re1 Qf2# 0-1

[Event "Winnipeg TNT 2025.07 Novice"]
[Site "Winnipeg CAN"]
[Date "2025.07.08"]
[Round "1.2"]
[White "Jo, Asher"]
[Black "Gao, Yueheng"]
[Result "0-1"]
[WhiteElo "1346"]
[BlackElo "1215"]
[WhiteFideId "-1"]
[WhiteFideId "-1"]
[PlyCount "38"]
[GameId "2205803319337149"]
[EventDate "2025.07.08"]
[EventType "swiss"]
[EventRounds "4"]
[EventCountry "CAN"]

1. c4 e5 2. g3 Nf6 3. Bg2 c6 4. e3 d5 5. cxd5 cxd5 6. d4 exd4 7. exd4 Nc6 8. Nc3 Be6 9. Nge2 Bb4 10. O-O Qd7 11. Re1 O-O 12. a3 Ba5 13. b4 Bb6 14. Bg5 Ne4 15. Nxe4 dxe4 16. Bxe4 Bd5 17. Bc2 Qg4 18. Be3 Qf3 19. Nf4 Qh1# 0-1

[Event "Winnipeg TNT 2025.07 Novice"]
[Site "Winnipeg CAN"]
[Date "2025.07.15"]
[Round "2.1"]
[White "Stewart, Michael"]
[Black "Gao, Yueheng"]
[Result "0-1"]
[WhiteElo "1438"]
[BlackElo "1215"]
[WhiteFideId "-1"]
[WhiteFideId "-1"]
[PlyCount "34"]
[GameId "2205803319345342"]
[EventDate "2025.07.08"]
[EventType "swiss"]
[EventRounds "4"]
[EventCountry "CAN"]

1. d4 e5 2. dxe5 Nc6 3. Nf3 Qe7 4. e3 Nxe5 5. Be2 Nf6 6. h3 c6 7. b3 Nxf3+ 8. Bxf3 d5 9. O-O Ne4 10. Bb2 Qg5 11. g4 h5 12. Nc3 Nxc3 13. Bxc3 hxg4 14. Bxg4 Rxh3 15. f3 Bxg4 16. Kg2 Bxf3+ 17. Kxh3 Qg4+ 0-1

[Event "Winnipeg TNT 2025.07 Novice"]
[Site "Winnipeg CAN"]
[Date "2025.07.22"]
[Round "3.1"]
[White "Gao, Yueheng"]
[Black "Lam, Jacob"]
[Result "1-0"]
[WhiteElo "1213"]
[BlackElo "1358"]
[WhiteFideId "-1"]
[WhiteFideId "-1"]
[PlyCount "77"]
[GameId "2205803319349440"]
[EventDate "2025.07.08"]
[EventType "swiss"]
[EventRounds "4"]
[EventCountry "CAN"]

1. e4 c6 2. d4 d5 3. exd5 cxd5 4. Nf3 Nf6 5. c4 e6 6. Nc3 Nc6 7. h3 Be7 8. Bf4 O-O 9. Qd2 b6 10. Bd3 Bb7 11. cxd5 exd5 12. O-O Nb4 13. a3 Nxd3 14. Qxd3 Rc8 15. Rfe1 Re8 16. Re3 Nh5 17. Bg5 Bxg5 18. Rxe8+ Qxe8 19. Nxg5 g6 20. g4 Nf4 21. Qf3 Ne6 22. Re1 Qd7 23. Qf6 Re8 24. h4 Ng7 25. Rxe8+ Nxe8 26. Qe5 Qxg4+ 27. Kf1 Qxh4 28. Qxe8+ Kg7 29. Qxf7+ Kh6 30. Qxb7 Qxg5 31. Qxd5 Qc1+ 32. Kg2 Qxb2 33. Ne4 Qc1 34. Qe5 g5 35. d5 g4 36. d6 a5 37. d7 a4 38. d8=Q Qh1+ 39. Kxh1 1-0

[Event "Winnipeg TNT 2025.07 Novice"]
[Site "Winnipeg CAN"]
[Date "2025.07.22"]
[Round "3.2"]
[White "Jo, Asher"]
[Black "Stewart, Michael"]
[Result "1-0"]
[WhiteElo "1346"]
[BlackElo "1438"]
[WhiteFideId "-1"]
[WhiteFideId "-1"]
[PlyCount "101"]
[GameId "2205803319349441"]
[EventDate "2025.07.08"]
[EventType "swiss"]
[EventRounds "4"]
[EventCountry "CAN"]

1. d4 d5 2. c4 c6 3. Nc3 e6 4. Nf3 h6 5. e3 Nf6 6. Be2 Be7 7. O-O O-O 8. Bd2 Nbd7 9. c5 b6 10. b4 a5 11. a3 axb4 12. axb4 Bb7 13. Qc2 Qc7 14. Rfb1 e5 15. h3 exd4 16. exd4 Rfe8 17. Re1 Bd8 18. Bd3 Rxa1 19. Rxa1 bxc5 20. bxc5 Qc8 21. Bf4 Nb8 22. Bf5 Nbd7 23. Ra2 Bc7 24. Bxc7 Qxc7 25. Ra1 Qf4 26. Rd1 Nf8 27. Ne5 Bc8 28. Bxc8 Rxc8 29. Re1 Qxd4 30. Na4 Ne6 31. Nb6 Rc7 32. Na4 Ne4 33. Nf3 Qb4 34. Rc1 Ra7 35. Nb6 N6xc5 36. Nc8 Rc7 37. Rb1 Qa5 38. Rb8 Kh7 39. Nd6 g6 40. Qb2 Qc3 41. Qxc3 Nxc3 42. Ne8 N5e4 43. Nxc7 Nf6 44. Na6 Nfe4 45. Nd4 c5 46. Nc2 d4 47. Rc8 d3 48. Ne3 Ne2+ 49. Kf1 N4c3 50. Nxc5 d2 51. Nb3 1-0

[Event "Winnipeg TNT 2025.08"]
[Site "Winnipeg CAN"]
[Date "2025.08.05"]
[Round "1.1"]
[White "Hui, Zelus"]
[Black "Protsyuk, Svitlana"]
[Result "0-1"]
[WhiteElo "1751"]
[BlackElo "2055"]
[WhiteFideId "-1"]
[WhiteFideId "-1"]
[PlyCount "64"]
[GameId "2226111150499719"]
[EventDate "2025.08.05"]
[EventType "swiss"]
[EventRounds "4"]
[EventCountry "CAN"]

1. c4 Nf6 2. g3 g6 3. Bg2 c5 4. Nc3 Nc6 5. e3 e5 6. Nge2 d6 7. O-O Bg4 8. h3 Be6 9. b3 Qd7 10. Kh2 Bg7 11. Bb2 h5 12. f4 h4 13. g4 O-O-O 14. Nb5 exf4 15. Rb1 Bxg4 16. hxg4 Nxg4+ 17. Kg1 Bxb2 18. Rxb2 h3 19. Bd5 h2+ 20. Kh1 fxe3 21. Ng3 Nf2+ 22. Rxf2 exf2 23. Qf3 Ne5 24. Qg2 a6 25. Nc3 Nd3 26. Rb1 f5 27. Na4 Qe7 28. Rf1 Rde8 29. Nb6+ Kb8 30. a3 Rh4 31. Bc6 bxc6 32. Qxc6 Qb7 0-1

[Event "Winnipeg TNT 2025.08"]
[Site "Winnipeg CAN"]
[Date "2025.08.05"]
[Round "1.2"]
[White "Gres, Yakiv"]
[Black "Movahedipour, Mohammad"]
[Result "1-0"]
[WhiteElo "2004"]
[BlackElo "1749"]
[WhiteFideId "-1"]
[WhiteFideId "-1"]
[PlyCount "51"]
[GameId "2226111150512008"]
[EventDate "2025.08.05"]
[EventType "swiss"]
[EventRounds "4"]
[EventCountry "CAN"]

1. e4 e5 2. Nc3 Nf6 3. f4 d5 4. fxe5 Nxe4 5. Qf3 Nxc3 6. bxc3 Be7 7. d4 O-O 8. Bd3 f5 9. Ne2 c6 10. O-O Na6 11. Qh5 g6 12. Qh6 Rf7 13. g4 Bf8 14. Qf4 Nc7 15. gxf5 Bxf5 16. Ng3 Be6 17. Qe3 Qe7 18. Bd2 Bg7 19. Rab1 b6 20. Qg5 Qa3 21. h4 Raf8 22. h5 Bh3 23. Rxf7 Rxf7 24. hxg6 hxg6 25. Qxg6 Qf8 26. Qh7# 1-0

[Event "Winnipeg TNT 2025.08"]
[Site "Winnipeg CAN"]
[Date "2025.08.05"]
[Round "1.3"]
[White "Curtis, Rory"]
[Black "Bilugan, Mason"]
[Result "0-1"]
[WhiteElo "1747"]
[BlackElo "1954"]
[WhiteFideId "-1"]
[WhiteFideId "-1"]
[PlyCount "74"]
[GameId "2226111150520201"]
[EventDate "2025.08.05"]
[EventType "swiss"]
[EventRounds "4"]
[EventCountry "CAN"]

1. d4 b6 2. e4 Bb7 3. Bd3 e6 4. Nf3 c5 5. O-O cxd4 6. Nxd4 a6 7. c4 Qc7 8. Nc3 Nf6 9. Bg5 Be7 10. Re1 d6 11. Rc1 Nbd7 12. b4 Ne5 13. Bb1 Nxc4 14. Qb3 Rc8 15. f3 Qd7 16. Nce2 b5 17. Rc3 Nxe4 18. fxe4 Bxg5 19. Nf3 Bh6 20. Ng3 O-O 21. Nf1 d5 22. exd5 Bxd5 23. Qc2 g6 24. Rd1 Qa7+ 25. Kh1 Qb7 26. Qe2 Bg7 27. Rc2 Bxf3 28. Qxf3 Qxf3 29. gxf3 Rfd8 30. Re1 Ne5 31. f4 Rxc2 32. Bxc2 Nc4 33. Ne3 Bc3 34. Re2 Nxe3 35. Rxe3 Bxb4 36. Rd3 Rxd3 37. Bxd3 Bd6 0-1

[Event "Winnipeg TNT 2025.08"]
[Site "Winnipeg CAN"]
[Date "2025.08.05"]
[Round "1.4"]
[White "Rutter, Blair"]
[Black "Ubaka, Michael"]
[Result "1-0"]
[WhiteElo "1930"]
[BlackElo "1704"]
[WhiteFideId "-1"]
[WhiteFideId "-1"]
[PlyCount "87"]
[GameId "2226111150524298"]
[EventDate "2025.08.05"]
[EventType "swiss"]
[EventRounds "4"]
[EventCountry "CAN"]

1. c4 Nc6 2. g3 e5 3. Bg2 Bc5 4. Nc3 Nf6 5. e3 d6 6. Nge2 Nb4 7. d3 c6 8. a3 Na6 9. O-O O-O 10. b4 Bb6 11. d4 exd4 12. exd4 h6 13. h3 Bf5 14. Kh2 Re8 15. Be3 Bc7 16. b5 Nb8 17. a4 d5 18. Qb3 Bd3 19. cxd5 cxd5 20. Rfe1 Bc4 21. Qc2 Nbd7 22. Nf4 Nf8 23. Rac1 Ba5 24. Bd2 Bb6 25. Rxe8 Qxe8 26. Ncxd5 Bxd5 27. Bxd5 Nxd5 28. Nxd5 Bxd4 29. Bb4 Ne6 30. Re1 Qd7 31. Ne7+ Kh8 32. Nf5 Ng5 33. Qd3 g6 34. Nxd4 Qxh3+ 35. Kg1 Rd8 36. Bc3 Kh7 37. Re3 h5 38. Qe2 Qd7 39. Nf3 Ne6 40. Kh2 Qd5 41. Re5 Qb3 42. Re3 Qxa4 43. Rxe6 fxe6 44. Ng5+ 1-0

[Event "Winnipeg TNT 2025.08"]
[Site "Winnipeg CAN"]
[Date "2025.08.05"]
[Round "1.5"]
[White "Gannon, Keith"]
[Black "Currie, James"]
[Result "0-1"]
[WhiteElo "1587"]
[BlackElo "1917"]
[WhiteFideId "-1"]
[WhiteFideId "-1"]
[PlyCount "50"]
[GameId "2226111150524299"]
[EventDate "2025.08.05"]
[EventType "swiss"]
[EventRounds "4"]
[EventCountry "CAN"]

1. e4 d5 2. exd5 Nf6 3. Nf3 Nxd5 4. d4 Bf5 5. Bd2 Qd6 6. Be2 Nc6 7. O-O Nf4 8. Bb5 g5 9. Bxc6+ Qxc6 10. Bxf4 gxf4 11. c3 Rg8 12. d5 Qg6 13. Qa4+ Bd7 14. Nh4 Qg4 15. Qd1 Qxh4 16. g3 O-O-O 17. Nd2 fxg3 18. fxg3 e6 19. Rxf7 Bc5+ 20. Kh1 Rxg3 21. Nf3 Qh5 22. Rf4 exd5 23. b4 Bd6 24. Rf6 Rxf3 25. Qxf3 Qxh2# 0-1

[Event "Winnipeg TNT 2025.08"]
[Site "Winnipeg CAN"]
[Date "2025.08.05"]
[Round "1.6"]
[White "Punay, Rhailey"]
[Black "Wang, Elvis"]
[Result "1-0"]
[WhiteElo "1915"]
[BlackElo "1549"]
[WhiteFideId "-1"]
[WhiteFideId "-1"]
[PlyCount "51"]
[GameId "2226111150528396"]
[EventDate "2025.08.05"]
[EventType "swiss"]
[EventRounds "4"]
[EventCountry "CAN"]

1. e4 e6 2. d4 d5 3. Nd2 dxe4 4. Nxe4 b6 5. Nf3 Bb7 6. Bd3 Be7 7. c3 Nf6 8. Ng3 Nbd7 9. Qe2 c5 10. O-O Qc7 11. Re1 O-O 12. Ne5 Nxe5 13. dxe5 Nd7 14. Qh5 g6 15. Qh6 Rad8 16. Nh5 Qxe5 17. Rxe5 Bf6 18. Nxf6+ Nxf6 19. Be2 Ba6 20. Bg5 Nh5 21. Bxh5 f6 22. Rxe6 fxg5 23. Bxg6 hxg6 24. Rxg6+ Kf7 25. Qh7+ Ke8 26. Re6# 1-0

[Event "Winnipeg TNT 2025.08"]
[Site "Winnipeg CAN"]
[Date "2025.08.05"]
[Round "1.7"]
[White "Trueman, Francis"]
[Black "Kuryliw, Ray"]
[Result "0-1"]
[WhiteElo "1520"]
[BlackElo "1911"]
[WhiteFideId "-1"]
[WhiteFideId "-1"]
[PlyCount "68"]
[GameId "2226111150532493"]
[EventDate "2025.08.05"]
[EventType "swiss"]
[EventRounds "4"]
[EventCountry "CAN"]

1. e4 Nf6 2. d3 Nc6 3. Nd2 g6 4. Ngf3 d6 5. Be2 Bg7 6. O-O O-O 7. c3 b6 8. Qc2 Bb7 9. Re1 a5 10. a4 e5 11. Nf1 Qd7 12. Bd2 Rae8 13. Rab1 Nh5 14. b4 axb4 15. cxb4 Ra8 16. b5 Nd8 17. Ne3 Ne6 18. h4 Nhf4 19. Bf1 Nc5 20. Ra1 Nfe6 21. g3 f5 22. Ng2 fxe4 23. Nh2 exd3 24. Bxd3 Kh8 25. Bc4 Nd4 26. Qd1 Bf3 27. Qb1 Rxa4 28. Rxa4 Nxa4 29. Qa2 Nc5 30. Ne3 Bb7 31. Rf1 Nxb5 32. Be2 Nd4 33. Bg4 Qc6 34. f3 h5 0-1

[Event "Winnipeg TNT 2025.08"]
[Site "Winnipeg CAN"]
[Date "2025.08.05"]
[Round "1.8"]
[White "Kowal, Ken"]
[Black "Jo, Asher"]
[Result "1-0"]
[WhiteElo "1903"]
[BlackElo "1460"]
[WhiteFideId "-1"]
[WhiteFideId "-1"]
[PlyCount "57"]
[GameId "2226111150532494"]
[EventDate "2025.08.05"]
[EventType "swiss"]
[EventRounds "4"]
[EventCountry "CAN"]

1. Nf3 d5 2. d4 Bf5 3. e3 c5 4. b3 Nc6 5. Bb2 e6 6. Bd3 Bxd3 7. Qxd3 Nf6 8. O-O Bd6 9. c4 dxc4 10. bxc4 cxd4 11. exd4 O-O 12. Nc3 e5 13. d5 Nb4 14. Qe2 Na6 15. Nb5 e4 16. Nfd4 Be5 17. f4 Bc7 18. Nf5 Re8 19. Nxg7 Kxg7 20. Qg4+ Kf8 21. Qg5 Be5 22. Bxe5 Rxe5 23. fxe5 Qb6+ 24. Kh1 Nxd5 25. cxd5 Qxb5 26. e6 Qb4 27. Rxf7+ Ke8 28. Qg8+ Qf8 29. Qxf8# 1-0

[Event "Winnipeg TNT 2025.08"]
[Site "Winnipeg CAN"]
[Date "2025.08.05"]
[Round "1.9"]
[White "Gao, Yueheng"]
[Black "Wang, Lucas"]
[Result "0-1"]
[WhiteElo "1426"]
[BlackElo "1859"]
[WhiteFideId "-1"]
[WhiteFideId "-1"]
[PlyCount "100"]
[GameId "2226111150536591"]
[EventDate "2025.08.05"]
[EventType "swiss"]
[EventRounds "4"]
[EventCountry "CAN"]

1. e4 c5 2. d4 cxd4 3. c3 dxc3 4. Nxc3 d6 5. Nf3 Nc6 6. Be3 Bg4 7. h3 Bh5 8. Qb3 Qd7 9. Bb5 e6 10. O-O-O Nge7 11. Bc5 Nc8 12. Qa4 Bxf3 13. gxf3 Be7 14. Nd5 O-O 15. Nxe7+ Qxe7 16. Bxc6 Nb6 17. Bxd6 Qg5+ 18. f4 Nxa4 19. fxg5 Rfc8 20. e5 Rxc6+ 21. Kb1 Rb6 22. Rd4 Nc3+ 23. Ka1 Nb5 24. Rd3 Nxd6 25. Rxd6 Rxd6 26. exd6 Rd8 27. Rc1 g6 28. Rd1 Kf8 29. b4 Ke8 30. Kb2 Kd7 31. b5 Rc8 32. Rd3 Rc5 33. Rb3 Rxg5 34. b6 a6 35. Rc3 Kxd6 36. Ka3 Rc5 37. Rd3+ Ke7 38. Ka4 Rb5 39. Rc3 Rxb6 40. Rc7+ Kf6 41. Ka5 Rb2 42. f4 Rxa2+ 43. Kb4 Rb2+ 44. Kc3 Rb5 45. Rc8 a5 46. Rh8 a4 47. Ra8 Rb3+ 48. Kc4 b5+ 49. Kc5 a3 50. h4 b4 0-1

[Event "Winnipeg TNT 2025.08"]
[Site "Winnipeg CAN"]
[Date "2025.08.05"]
[Round "1.10"]
[White "Atem, James"]
[Black "Lee, Zach"]
[Result "1-0"]
[WhiteElo "1816"]
[BlackElo "1404"]
[WhiteFideId "-1"]
[WhiteFideId "-1"]
[PlyCount "25"]
[GameId "2226111150544784"]
[EventDate "2025.08.05"]
[EventType "swiss"]
[EventRounds "4"]
[EventCountry "CAN"]

1. e4 c6 2. c3 d5 3. e5 Bf5 4. d4 e6 5. Nf3 Nd7 6. Nbd2 c5 7. Be2 f6 8. O-O h5 9. Nh4 cxd4 10. Nxf5 dxc3 11. Bxh5+ Rxh5 12. Qxh5+ g6 13. Qxg6# 1-0

[Event "Winnipeg TNT 2025.08"]
[Site "Winnipeg CAN"]
[Date "2025.08.05"]
[Round "1.11"]
[White "Hui, Zenas"]
[Black "Kim, Sunyo"]
[Result "0-1"]
[WhiteElo "1397"]
[BlackElo "1784"]
[WhiteFideId "-1"]
[WhiteFideId "-1"]
[PlyCount "42"]
[GameId "2226111150544785"]
[EventDate "2025.08.05"]
[EventType "swiss"]
[EventRounds "4"]
[EventCountry "CAN"]

1. c4 e5 2. g3 Nc6 3. Bg2 Bc5 4. Nc3 Nf6 5. e3 O-O 6. Nge2 Re8 7. O-O d6 8. d4 exd4 9. Nxd4 Nxd4 10. exd4 Bb6 11. a3 c6 12. b4 Bg4 13. Qd2 Qc8 14. c5 Bc7 15. Re1 Qd7 16. Rxe8+ Rxe8 17. h3 Bxh3 18. Bxh3 Qxh3 19. Bb2 Ng4 20. Re1 Qh2+ 21. Kf1 Qh1# 0-1

[Event "Winnipeg TNT 2025.08"]
[Site "Winnipeg CAN"]
[Date "2025.08.12"]
[Round "2.1"]
[White "Protsyuk, Svitlana"]
[Black "Atem, James"]
[Result "1-0"]
[WhiteElo "2055"]
[BlackElo "1816"]
[WhiteFideId "-1"]
[WhiteFideId "-1"]
[PlyCount "45"]
[GameId "2226111150557076"]
[EventDate "2025.08.05"]
[EventType "swiss"]
[EventRounds "4"]
[EventCountry "CAN"]

1. e4 c5 2. c3 g6 3. d4 e6 4. Be3 Qh4 5. Bd3 c4 6. Nf3 Qg4 7. h3 Qh5 8. e5 Nh6 9. Be2 Ng4 10. Bf4 Qf5 11. Qd2 Nxf2 12. Kxf2 Qe4 13. Na3 Bxa3 14. bxa3 Qc6 15. Ng5 h6 16. Bf3 Qa4 17. Ne4 Nc6 18. Nd6+ Ke7 19. Bxh6 Rxh6 20. Qg5+ Kf8 21. Qxh6+ Ke7 22. Qh4+ Kf8 23. Qh8+ 1-0

[Event "Winnipeg TNT 2025.08"]
[Site "Winnipeg CAN"]
[Date "2025.08.12"]
[Round "2.3"]
[White "Kim, Sunyo"]
[Black "Punay, Rhailey"]
[Result "0-1"]
[WhiteElo "1784"]
[BlackElo "1915"]
[WhiteFideId "-1"]
[WhiteFideId "-1"]
[PlyCount "64"]
[GameId "2226111150561173"]
[EventDate "2025.08.05"]
[EventType "swiss"]
[EventRounds "4"]
[EventCountry "CAN"]

1. e4 e5 2. Nf3 Nc6 3. Bc4 Nf6 4. Ng5 d5 5. exd5 b5 6. Bxb5 Qxd5 7. Bxc6+ Qxc6 8. O-O Bb7 9. f3 Bc5+ 10. Kh1 h6 11. Nh3 O-O-O 12. Nc3 e4 13. fxe4 Nxe4 14. Qg4+ Kb8 15. Qxe4 Qxe4 16. Nxe4 Bxe4 17. d3 Bb7 18. Rxf7 Rde8 19. Bf4 Bb6 20. Rxg7 Re2 21. Rc1 Rhe8 22. d4 Bxd4 23. Rxc7 Re1+ 24. Ng1 Ka8 25. Rd7 Bb6 26. Rdd1 R8e2 27. h3 Rxg2 28. Rd8+ Bxd8 29. Rxe1 Re2+ 30. Nf3 Rxe1+ 31. Kg2 Bh4 32. Bg3 Bxg3 0-1

[Event "Winnipeg TNT 2025.08"]
[Site "Winnipeg CAN"]
[Date "2025.08.12"]
[Round "2.4"]
[White "Kuryliw, Ray"]
[Black "Hatamian, Arad"]
[Result "1-0"]
[WhiteElo "1911"]
[BlackElo "1770"]
[WhiteFideId "-1"]
[WhiteFideId "-1"]
[PlyCount "108"]
[GameId "2226111150561174"]
[EventDate "2025.08.05"]
[EventType "swiss"]
[EventRounds "4"]
[EventCountry "CAN"]

1. d4 f5 2. g3 Nf6 3. Bg2 e6 4. Nd2 Nc6 5. e3 d5 6. Ngf3 Bd6 7. b3 Ne4 8. Bb2 O-O 9. O-O Ne7 10. Ne5 c6 11. f3 Nf6 12. c4 Bxe5 13. dxe5 Nd7 14. f4 Nc5 15. Qc2 Ne4 16. Rad1 Bd7 17. Ba3 Rf7 18. Nf3 Qb6 19. Rfe1 Ng6 20. Nd4 Re8 21. Bxe4 fxe4 22. Bd6 Ne7 23. Qd2 Nc8 24. c5 Qd8 25. b4 Nxd6 26. cxd6 g5 27. Kh1 g4 28. a4 a6 29. Rb1 h5 30. Qe2 Qb6 31. Rec1 Rg7 32. Kg2 Rf8 33. Qc2 Rc8 34. Qc5 Qd8 35. a5 h4 36. Nb3 Rb8 37. Qb6 Qxb6 38. axb6 h3+ 39. Kf2 Kh7 40. Ke2 Kg6 41. Rf1 Rf7 42. Rf2 Rc8 43. Nc5 Rb8 44. Rbf1 Kf5 45. Nb3 Kg6 46. Kd2 Rc8 47. Nc5 Rb8 48. Kc3 Kf5 49. Kb3 Kg6 50. Nxd7 Rxd7 51. f5+ exf5 52. Rxf5 Re8 53. R1f4 Re6 54. Kc3 Kg7 1-0